000 00813nam a22002297a 4500
005 20180719144327.0
010 _a1718EN-30 ENG-123561
020 _a9788123021294
_c1940.00
035 _aEN-107093
037 _bBookwell
_adpl
037 _bDBAD/PUB.
082 _a578.095416
245 _aFirst garden of the republic :
_cedited by Amita Baviskar; photography by Narendra Bisht
_bnature in the President's estate /
260 _c2016
_aNew Delhi
_bRashtrapati Bhawan
270 _aRashtrapati Bhawan,
_bNew Delhi
_e110015
300 _c27cm(Hb)
_a255p.:
_bill. (col. pic.)
500 _aIncludes bibliographical references and index
700 _aBaviskar, Amita
700 _aBisht, Narendra
942 _cEN
_2ddc
_mFIR
_h578.095416
999 _c144539
_d144539